000 00491nam a2200181Ia 4500
001 7653
005 20260306160511.0
008 260306t2002||||xx |||||||||||||| ||spa||
041 _aESP
082 _a353.4
_bD44
100 _aPerú. Defensoría del Pueblo
_eAUT
245 0 _aSupervisión del concurso público para nombramiento de docentes realizado el año 2002
260 _c2002
300 _a166 páginas :
_c28 cm.
650 _aGEN
654 _aCAN
942 _cLIB
_dJUS
_fJUS
_2ddc
_n
999 _c7653
_d7653